[Event "77 España ch 2012"]
[Site "Maspalomas ESP"]
[Date "2012.10.04"]
[Round "6.38"]
[White "Garcia Caballero, Luis"]
[Black "Morales Sanchez, Domingo"]
[Result "1-0"]
[WhiteElo "2034"]
[BlackElo "1512"]
[PlyCount "85"]
[EventDate "2012.09.29"]
[EventType "swiss"]
[EventRounds "9"]
[EventCountry "ESP"]
[Source "lmi"]
[SourceDate "2012.09.29"]

1. e4 e5 2. Nc3 d6 3. d4 exd4 4. Qxd4 Nc6 5. Bb5 Bd7 6. Qd1 Nf6 7. Nf3 a6 8.
Bd3 Be7 9. O-O O-O 10. h3 h6 11. Be3 Re8 12. Qd2 Bf8 13. Rfe1 b5 14. a3 Ne5 15.
Nxe5 Rxe5 16. f4 Re8 17. Rad1 Bc6 18. Bf2 Nd7 19. b4 Bb7 20. Nd5 c6 21. Nc3 Qc7
22. Kh1 Kh8 23. Be2 Rad8 24. Bf3 Nb6 25. Ne2 Nc4 26. Qc3 c5 27. Ng3 Nb6 28. Nf5
Kh7 29. Bh4 Rb8 30. Rxd6 g6 31. Qf6 gxf5 32. Rxb6 Re6 33. Qxf5+ Kg8 34. Rxe6
fxe6 35. Qxe6+ Kh7 36. Bg4 Kh8 37. Bf6+ Bg7 38. Rd1 Bc6 39. Bxg7+ Kxg7 40. Rd6
Be8 41. Qxh6+ Kg8 42. Be6+ Bf7 43. Rd7 1-0

[Event "77 España ch 2012"]
[Site "Maspalomas ESP"]
[Date "2012.10.04"]
[Round "6.39"]
[White "Biscarri Candalia, Oscar"]
[Black "Cruz Pino, Adrian"]
[Result "0-1"]
[WhiteElo "1531"]
[BlackElo "2008"]
[PlyCount "60"]
[EventDate "2012.09.29"]
[EventType "swiss"]
[EventRounds "9"]
[EventCountry "ESP"]
[Source "lmi"]
[SourceDate "2012.09.29"]

1. d4 Nf6 2. c4 c5 3. d5 e6 4. Nc3 exd5 5. cxd5 g6 6. g3 d6 7. Bg2 Bg7 8. e3 a6
9. Rb1 O-O 10. Nge2 Re8 11. f3 b5 12. e4 Nbd7 13. O-O Nb6 14. Qc2 b4 15. Nd1
Bd7 16. b3 Bb5 17. Bb2 a5 18. Re1 Rc8 19. Ne3 c4 20. bxc4 Bxc4 21. Nxc4 Nxc4
22. Qb3 Nxb2 23. Rxb2 Qb6+ 24. Kf1 Nd7 25. Rbb1 Nc5 26. Qd1 Qb5 27. Kg1 Nd3 28.
Rf1 Qb6+ 29. Rf2 Qxf2+ 30. Kh1 Qe3 0-1

[Event "77 España ch 2012"]
[Site "Maspalomas ESP"]
[Date "2012.10.04"]
[Round "6.40"]
[White "Boutahar Belgasi, Tarik"]
[Black "Haarkotter Martin, Michael"]
[Result "1-0"]
[WhiteElo "1994"]
[BlackElo "1430"]
[PlyCount "49"]
[EventDate "2012.09.29"]
[EventType "swiss"]
[EventRounds "9"]
[EventCountry "ESP"]
[Source "lmi"]
[SourceDate "2012.09.29"]

1. Nf3 d6 2. b4 e5 3. d3 Nf6 4. g3 Be7 5. Bg2 Nbd7 6. O-O d5 7. Bb2 Bd6 8. a3
O-O 9. Nbd2 Re8 10. c4 c5 11. bxc5 Nxc5 12. cxd5 Bc7 13. Rc1 b6 14. Nxe5 Bxe5
15. d4 Bxd4 16. Bxd4 Nxd5 17. Bxc5 bxc5 18. Rxc5 Bb7 19. Nc4 Nc3 20. Qxd8 Nxe2+
21. Kh1 Bxg2+ 22. Kxg2 Raxd8 23. Rb1 Re7 24. Rd1 Nd4 25. Rxd4 1-0

[Event "77 España ch 2012"]
[Site "Maspalomas ESP"]
[Date "2012.10.04"]
[Round "6.41"]
[White "Perez Hernandez, Juan Manuel"]
[Black "Galvan Sarmiento, Jose Luis"]
[Result "0-1"]
[WhiteElo "1623"]
[BlackElo "1938"]
[PlyCount "78"]
[EventDate "2012.09.29"]
[EventType "swiss"]
[EventRounds "9"]
[EventCountry "ESP"]
[Source "lmi"]
[SourceDate "2012.09.29"]

1. e4 e6 2. d4 d5 3. e5 c5 4. c3 Nc6 5. Nf3 Nh6 6. Bb5 Bd7 7. Bxh6 gxh6 8. O-O
Nxe5 9. Nxe5 Bxb5 10. Qf3 Qc7 11. Re1 Bg7 12. Ng4 O-O-O 13. Nd2 Kb8 14. Qe3 h5
15. Ne5 Bxe5 16. dxe5 Qe7 17. Nb3 b6 18. a4 Bc6 19. a5 Rhg8 20. f3 Qg5 21. Qxg5
Rxg5 22. axb6 axb6 23. Ra6 Kc7 24. Ra4 Bxa4 25. Nd2 Rdg8 26. g3 h4 27. g4 h3
28. Kf2 h5 29. Nf1 hxg4 30. f4 R5g6 31. Kg3 Bb5 32. Ne3 d4 33. cxd4 cxd4 34.
Nc2 Rd8 35. Rc1 Kb7 36. Rd1 d3 37. Na1 Rgg8 38. Rd2 Ba4 39. b3 Bc6 0-1

[Event "77 España ch 2012"]
[Site "Maspalomas ESP"]
[Date "2012.10.04"]
[Round "6.42"]
[White "Suarez Ramirez, Jonay"]
[Black "Diaz Sanchez, Jose Francisco"]
[Result "1-0"]
[WhiteElo "1523"]
[BlackElo "1868"]
[PlyCount "79"]
[EventDate "2012.09.29"]
[EventType "swiss"]
[EventRounds "9"]
[EventCountry "ESP"]
[Source "lmi"]
[SourceDate "2012.09.29"]

1. d4 d5 2. c4 c6 3. Nc3 Nf6 4. Nf3 e6 5. Bg5 Nbd7 6. e3 Be7 7. Bd3 dxc4 8.
Bxc4 b5 9. Bd3 a6 10. O-O Bb7 11. Rc1 Rc8 12. a3 c5 13. dxc5 Nxc5 14. Bc2 O-O
15. Qe2 Nd5 16. Bxe7 Qxe7 17. Nxd5 Bxd5 18. Rfd1 Nb3 19. Bxb3 Bxb3 20. Re1 e5
21. h3 Rfd8 22. Nd2 Bd5 23. Red1 Qg5 24. Nf3 Qf6 25. Rxc8 Rxc8 26. Rxd5 e4 27.
Ne1 h6 28. Qd2 g6 29. Rd6 Qe5 30. Rd8+ Rxd8 31. Qxd8+ Kh7 32. Qd4 Qe6 33. Nc2
Qc6 34. Nb4 Qc1+ 35. Kh2 Qc7+ 36. g3 a5 37. Nd5 Qc2 38. Qf6 Kg8 39. Ne7+ Kf8
40. Nxg6+ 1-0

[Event "77 España ch 2012"]
[Site "Maspalomas ESP"]
[Date "2012.10.04"]
[Round "6.43"]
[White "Bordon Sanchez, Jose Domingo"]
[Black "Buet, Samuel"]
[Result "0-1"]
[WhiteElo "1473"]
[BlackElo "1845"]
[PlyCount "59"]
[EventDate "2012.09.29"]
[EventType "swiss"]
[EventRounds "9"]
[EventCountry "ESP"]
[Source "lmi"]
[SourceDate "2012.09.29"]

1. e4 c5 2. Nf3 d6 3. d4 cxd4 4. Nxd4 Nf6 5. Nc3 g6 6. Bg5 Bg7 7. Bd3 O-O 8.
O-O Nc6 9. Nf3 Qb6 10. Rb1 Be6 11. b3 Rac8 12. Ne2 Nb4 13. a4 Nxd3 14. Qxd3 h6
15. Bh4 Rc5 16. Nf4 Bg4 17. Bxf6 exf6 18. Nd5 Qd8 19. c4 Be6 20. Rfe1 Bxd5 21.
exd5 f5 22. Re3 Rc7 23. Rbe1 Bf6 24. Nd4 a6 25. Nxf5 gxf5 26. Rg3+ Bg7 27. Qxf5
Re8 28. Rxg7+ Kxg7 29. Rxe8 Qxe8 30. Qg4+ 0-1

[Event "77 España ch 2012"]
[Site "Maspalomas ESP"]
[Date "2012.10.04"]
[Round "6.44"]
[White "Rodriguez Mellado, Antonio"]
[Black "Amador Garcia, Ismael"]
[Result "1-0"]
[WhiteElo "1760"]
[BlackElo "1427"]
[PlyCount "23"]
[EventDate "2012.09.29"]
[EventType "swiss"]
[EventRounds "9"]
[EventCountry "ESP"]
[Source "lmi"]
[SourceDate "2012.09.29"]

1. e4 c5 2. Nf3 d6 3. c3 Nf6 4. Bc4 Bg4 5. e5 d5 6. Qa4+ Nbd7 7. Bxd5 Nxd5 8.
Qxg4 e6 9. O-O Qc7 10. Na3 a6 11. Re1 b5 12. c4 1-0

[Event "77 España ch 2012"]
[Site "Maspalomas ESP"]
[Date "2012.10.04"]
[Round "6.45"]
[White "Diaz Perez, Jose Juan"]
[Black "Suarez Buceta, Melquiades"]
[Result "1-0"]
[WhiteElo "1730"]
[BlackElo "1425"]
[PlyCount "50"]
[EventDate "2012.09.29"]
[EventType "swiss"]
[EventRounds "9"]
[EventCountry "ESP"]
[Source "lmi"]
[SourceDate "2012.09.29"]

1. d4 d5 2. c4 e6 3. Nc3 Nf6 4. Bf4 c6 5. e3 Nbd7 6. h3 Nb6 7. c5 Nbd7 8. b4
Be7 9. Bd3 O-O 10. Nf3 a6 11. a4 b6 12. O-O bxc5 13. bxc5 Qa5 14. Qd2 Bd8 15.
Na2 Re8 16. Qxa5 Bxa5 17. Rab1 h6 18. Nb4 Bxb4 19. Rxb4 a5 20. Rb2 Ba6 21. Bxa6
Rxa6 22. Rb7 g5 23. Bd6 Raa8 24. Rfb1 Nf8 25. Ne5 Ne4 1-0

[Event "77 España ch 2012"]
[Site "Maspalomas ESP"]
[Date "2012.10.04"]
[Round "6.46"]
[White "Suarez Fleitas, Alberto"]
[Black "Garceran Izquierdo, Ruben"]
[Result "1/2-1/2"]
[WhiteElo "1426"]
[BlackElo "1719"]
[PlyCount "88"]
[EventDate "2012.09.29"]
[EventType "swiss"]
[EventRounds "9"]
[EventCountry "ESP"]
[Source "lmi"]
[SourceDate "2012.09.29"]

1. e4 d5 2. exd5 Qxd5 3. d4 Nc6 4. c3 Nf6 5. Nd2 Bf5 6. Ngf3 Be4 7. Nxe4 Qxe4+
8. Qe2 e6 9. Qxe4 Nxe4 10. Be3 Nd6 11. Bd3 Be7 12. O-O O-O 13. Nd2 Rad8 14. f4
Rfe8 15. Rae1 Nf5 16. Bf2 Bd6 17. g3 Nce7 18. Nc4 b5 19. Nxd6 Nxd6 20. Re5 a6
21. Rfe1 Ng6 22. R5e2 Nf8 23. b3 Nd7 24. c4 Nf6 25. Re5 Nd7 26. R5e2 Nf6 27. h3
h5 28. Re5 c6 29. Rc5 Rc8 30. cxb5 cxb5 31. Rec1 g6 32. Rc6 Rxc6 33. Rxc6 Nde4
34. Rxa6 Nxf2 35. Kxf2 b4 36. Rb6 Nd5 37. Rb5 Ra8 38. Bc4 Rxa2+ 39. Kf3 Rd2 40.
Bxd5 exd5 41. Rxb4 Rd3+ 42. Kg2 f5 43. Rb8+ Kf7 44. Rb7+ Kf6 1/2-1/2

[Event "77 España ch 2012"]
[Site "Maspalomas ESP"]
[Date "2012.10.04"]
[Round "6.47"]
[White "Hernandez Diaz, Heriberto"]
[Black "Moreno Cameno, Juan Carlos"]
[Result "0-1"]
[WhiteElo "1713"]
[BlackElo "1686"]
[PlyCount "70"]
[EventDate "2012.09.29"]
[EventType "swiss"]
[EventRounds "9"]
[EventCountry "ESP"]
[Source "lmi"]
[SourceDate "2012.09.29"]

1. e4 e6 2. Nc3 d5 3. d4 Bb4 4. Qg4 Ne7 5. Qxg7 Rg8 6. Qxh7 dxe4 7. Qxe4 Nbc6
8. Bb5 Bd7 9. Nge2 a6 10. Ba4 Nd5 11. Bd2 Nf6 12. Qf3 Qe7 13. Rg1 O-O-O 14.
O-O-O Kb8 15. Bb3 Rg6 16. h4 e5 17. Rde1 Bg4 18. Qe3 Bxe2 19. Nxe2 Bxd2+ 20.
Qxd2 Ne4 21. Qe3 exd4 22. Nxd4 Rxd4 23. c3 Qc5 24. Bc2 Rgd6 25. cxd4 Nxd4 26.
Qd3 Nxf2 27. Qc3 Rc6 28. Kb1 Qb5 29. Qe3 Rxc2 30. b3 Qa5 31. a4 Qb4 32. Rgf1
Rc3 33. Qxf2 Rxb3+ 34. Ka1 Qc3+ 35. Ka2 Ra3+ 0-1

[Event "77 España ch 2012"]
[Site "Maspalomas ESP"]
[Date "2012.10.04"]
[Round "6.48"]
[White "Rodriguez Manzaneda, Irene"]
[Black "Gonzalez Acosta, Pablo"]
[Result "1/2-1/2"]
[WhiteElo "1709"]
[BlackElo "1906"]
[PlyCount "88"]
[EventDate "2012.09.29"]
[EventType "swiss"]
[EventRounds "9"]
[EventCountry "ESP"]
[Source "lmi"]
[SourceDate "2012.09.29"]

1. e4 c5 2. d3 Nc6 3. g3 d5 4. Nd2 Nf6 5. Bg2 e5 6. Ngf3 Be7 7. O-O O-O 8. exd5
Nxd5 9. Re1 Bg4 10. h3 Bh5 11. g4 Bg6 12. Nxe5 Nxe5 13. Rxe5 Nf4 14. Qf3 Nxg2
15. Qxg2 Qc7 16. Re2 f5 17. Nc4 fxg4 18. hxg4 b5 19. Ne5 Rae8 20. Nxg6 hxg6 21.
Qd5+ Kh8 22. Re3 Bh4 23. Rxe8 Bxf2+ 24. Kf1 Rxe8 25. Qh1+ Kg8 26. Kxf2 Rf8+ 27.
Ke2 Qg3 28. Be3 Qxg4+ 29. Kd2 Qb4+ 30. Ke2 Qg4+ 31. Kd2 Qb4+ 32. Kc1 Qg4 33.
Qe1 Qg2 34. Bf4 Rxf4 35. Qe6+ Kh7 36. b3 Rf2 37. Kb2 Rxc2+ 38. Ka3 b4+ 39. Ka4
Rxa2+ 40. Rxa2 Qxa2+ 41. Kb5 Qf2 42. Qh3+ Kg8 43. Qe6+ Kh7 44. Qh3+ Kg8 1/2-1/2

[Event "77 España ch 2012"]
[Site "Maspalomas ESP"]
[Date "2012.10.04"]
[Round "6.49"]
[White "Ramirez Hernandez, Jose Isidro"]
[Black "Ramirez Maillo, Juan Adonay"]
[Result "0-1"]
[WhiteElo "1397"]
[BlackElo "1645"]
[PlyCount "66"]
[EventDate "2012.09.29"]
[EventType "swiss"]
[EventRounds "9"]
[EventCountry "ESP"]
[Source "lmi"]
[SourceDate "2012.09.29"]

1. e4 c5 2. Nf3 d6 3. d4 cxd4 4. Nxd4 Nf6 5. Nc3 g6 6. Be3 Bg7 7. f3 Nc6 8. Qd2
O-O 9. O-O-O d5 10. Nxc6 bxc6 11. exd5 cxd5 12. Nxd5 Nxd5 13. Qxd5 Qc7 14. Qc5
Qb8 15. Qb5 Qxb5 16. Bxb5 Rb8 17. a4 a6 18. Bd4 axb5 19. Bxg7 Kxg7 20. a5 b4
21. b3 Rb5 22. Rd4 Rxa5 23. Kb2 Rb5 24. Rhd1 Be6 25. h4 Rc8 26. g4 Rcc5 27.
R1d2 Rb8 28. h5 Rbb5 29. Rh2 Rc3 30. h6+ Kf6 31. Rxb4 Rxc2+ 32. Kxc2 Rxb4 33.
g5+ Kxg5 0-1

[Event "77 España ch 2012"]
[Site "Maspalomas ESP"]
[Date "2012.10.04"]
[Round "6.51"]
[White "Salcedo Izquierdo, Rafael"]
[Black "Ruiz Delgado, Basilio"]
[Result "0-1"]
[WhiteElo "1445"]
[BlackElo "1718"]
[PlyCount "52"]
[EventDate "2012.09.29"]
[EventType "swiss"]
[EventRounds "9"]
[EventCountry "ESP"]
[Source "lmi"]
[SourceDate "2012.09.29"]

1. d4 d5 2. c4 e6 3. Nc3 Nf6 4. e3 Bb4 5. Bd2 O-O 6. Nf3 c5 7. dxc5 Bxc5 8.
cxd5 exd5 9. Be2 Nc6 10. a3 d4 11. exd4 Nxd4 12. Nxd4 Bxd4 13. O-O Be6 14. Bf3
Qb6 15. b4 Rfd8 16. Rc1 Bc4 17. Na4 Qb5 18. Nc3 Bxc3 19. Rxc3 Bxf1 20. Rc5 Qd3
21. Qxf1 Qxd2 22. Bxb7 Rab8 23. Bf3 Re8 24. Rc1 g6 25. Rd1 Qb2 26. Qd3 Rbd8 0-1

[Event "77 España ch 2012"]
[Site "Maspalomas ESP"]
[Date "2012.10.04"]
[Round "6.52"]
[White "Garcia Cruz, Jose Manuel"]
[Black "Suarez Pazos, Alberto"]
[Result "0-1"]
[WhiteElo "1368"]
[BlackElo "1741"]
[PlyCount "50"]
[EventDate "2012.09.29"]
[EventType "swiss"]
[EventRounds "9"]
[EventCountry "ESP"]
[Source "lmi"]
[SourceDate "2012.09.29"]

1. d4 Nf6 2. Nf3 d5 3. c4 c6 4. Nc3 a6 5. a4 Nbd7 6. Bf4 Qa5 7. Bd2 Qc7 8. Rc1
dxc4 9. e4 e5 10. Bxc4 exd4 11. Nxd4 Ne5 12. Be2 Qb6 13. Nb3 Be6 14. Na1 Bc5
15. O-O Rd8 16. b3 O-O 17. Rb1 Bg4 18. Qe1 Rd3 19. b4 Bd4 20. a5 Qa7 21. Bf4
Bxc3 22. Qc1 Bxe2 23. Be3 Qb8 24. Rb3 Nfg4 25. Rxc3 Nf3+ 0-1

[Event "77 España ch 2012"]
[Site "Maspalomas ESP"]
[Date "2012.10.04"]
[Round "6.53"]
[White "Rodriguez Rodriguez, Eduardo"]
[Black "Salazar Martin, Jose Maria"]
[Result "1-0"]
[WhiteElo "1401"]
[BlackElo "1855"]
[PlyCount "61"]
[EventDate "2012.09.29"]
[EventType "swiss"]
[EventRounds "9"]
[EventCountry "ESP"]
[Source "lmi"]
[SourceDate "2012.09.29"]

1. e4 e5 2. Nf3 Nc6 3. Bc4 Nd4 4. c3 Nxf3+ 5. Qxf3 Qf6 6. Qxf6 Nxf6 7. d3 Bc5
8. O-O c6 9. Re1 h6 10. Nd2 Ng4 11. Re2 O-O 12. h3 Nf6 13. Nf1 a5 14. Ng3 a4
15. a3 b5 16. Ba2 d6 17. Be3 Ba7 18. Bxa7 Rxa7 19. Re3 Be6 20. Rf3 Bb3 21. Bxb3
axb3 22. Nf5 d5 23. exd5 Nxd5 24. Re1 f6 25. c4 Nf4 26. cxb5 cxb5 27. d4 Rd8
28. dxe5 fxe5 29. Rxb3 Rd2 30. Rxe5 b4 31. Re7 1-0

[Event "77 España ch 2012"]
[Site "Maspalomas ESP"]
[Date "2012.10.05"]
[Round "7.1"]
[White "Korneev, Oleg"]
[Black "Alonso Rosell, Alvar"]
[Result "1/2-1/2"]
[WhiteElo "2596"]
[BlackElo "2529"]
[PlyCount "81"]
[EventDate "2012.09.29"]
[EventType "swiss"]
[EventRounds "9"]
[EventCountry "ESP"]
[Source "lmi"]
[SourceDate "2012.09.29"]

1. e4 c5 2. Nf3 d6 3. d4 cxd4 4. Nxd4 Nf6 5. Nc3 a6 6. f3 e5 7. Nb3 Be6 8. Be3
h5 9. Qd2 Nbd7 10. O-O-O Be7 11. Kb1 Rc8 12. h3 Qc7 13. Bd3 h4 14. f4 b5 15.
Rhe1 O-O 16. f5 Bc4 17. g4 hxg3 18. Rg1 b4 19. Ne2 d5 20. Nxg3 Kh8 21. Bg5 Rg8
22. Qf2 Bd8 23. exd5 Bxd3 24. cxd3 Qd6 25. Ne4 Qxd5 26. Qh4+ Nh7 27. Rg4 Re8
28. Qh5 Bxg5 29. Nxg5 Ndf6 30. Qxf7 Nxg5 31. Qxd5 Nxd5 32. Rxg5 e4 33. dxe4
Rxe4 34. Rg4 Re2 35. Rc1 Rxc1+ 36. Kxc1 Rf2 37. Nd4 Rf1+ 38. Kd2 Rf2+ 39. Kc1
Rf1+ 40. Kd2 Rf2+ 41. Kc1 1/2-1/2

[Event "77 España ch 2012"]
[Site "Maspalomas ESP"]
[Date "2012.10.05"]
[Round "7.2"]
[White "Perez Candelario, Manuel"]
[Black "Alsina Leal, Daniel"]
[Result "1/2-1/2"]
[WhiteElo "2575"]
[BlackElo "2528"]
[PlyCount "58"]
[EventDate "2012.09.29"]
[EventType "swiss"]
[EventRounds "9"]
[EventCountry "ESP"]
[Source "lmi"]
[SourceDate "2012.09.29"]

1. e4 c5 2. Ne2 d6 3. g3 d5 4. Bg2 dxe4 5. Nbc3 e5 6. Nxe4 f5 7. N4c3 Nf6 8. d3
Nc6 9. f4 Bd6 10. O-O O-O 11. Kh1 Be6 12. Be3 Qd7 13. fxe5 Nxe5 14. d4 Nc4 15.
Bg1 Nxb2 16. Qb1 Nc4 17. dxc5 Be5 18. Rd1 Qf7 19. Qxb7 Ne4 20. Qxf7+ Bxf7 21.
Bd4 Bxd4 22. Rxd4 Nxc3 23. Nxc3 Rac8 24. c6 Ne3 25. Rd6 Nc4 26. Rd7 Ne5 27. Rd6
Nc4 28. Rd7 Ne5 29. Rd6 Nc4 1/2-1/2

[Event "77 España ch 2012"]
[Site "Maspalomas ESP"]
[Date "2012.10.05"]
[Round "7.3"]
[White "Cuenca Jimenez, Jose Fernando"]
[Black "Arizmendi Martinez, Julen Luis"]
[Result "0-1"]
[WhiteElo "2487"]
[BlackElo "2560"]
[PlyCount "78"]
[EventDate "2012.09.29"]
[EventType "swiss"]
[EventRounds "9"]
[EventCountry "ESP"]
[Source "lmi"]
[SourceDate "2012.09.29"]

1. Nf3 d5 2. d4 Nf6 3. c4 e6 4. cxd5 exd5 5. g3 Bd6 6. Bg2 O-O 7. Nc3 Re8 8.
O-O c6 9. Bf4 Bxf4 10. gxf4 Nbd7 11. e3 Nf8 12. Ne5 Ng6 13. Nxg6 hxg6 14. b4
Bg4 15. Qd2 Qd7 16. f3 Bh3 17. Rae1 Bxg2 18. Kxg2 Re7 19. Ne2 Ne8 20. Ng3 Nd6
21. Qc3 a5 22. bxa5 Qc7 23. Qb4 Rae8 24. e4 dxe4 25. fxe4 Nxe4 26. f5 g5 27.
Nh5 Qd7 28. Kg1 Nf6 29. Rxe7 Rxe7 30. Ng3 Nd5 31. Qd2 Nf4 32. h4 Qd5 33. hxg5
Re2 34. Qxe2 Nxe2+ 35. Nxe2 Qxa2 36. Kf2 Qxa5 37. Ke3 Qa3+ 38. Kd2 Qh3 39. f6
Qxf1 0-1

[Event "77 España ch 2012"]
[Site "Maspalomas ESP"]
[Date "2012.10.05"]
[Round "7.4"]
[White "Munoz Pantoja, Miguel"]
[Black "Anton Guijarro, David"]
[Result "1/2-1/2"]
[WhiteElo "2476"]
[BlackElo "2546"]
[PlyCount "69"]
[EventDate "2012.09.29"]
[EventType "swiss"]
[EventRounds "9"]
[EventCountry "ESP"]
[Source "lmi"]
[SourceDate "2012.09.29"]

1. e4 c6 2. c4 d5 3. exd5 cxd5 4. d4 Nf6 5. Nc3 e6 6. Nf3 Bb4 7. cxd5 Nxd5 8.
Bd2 Nc6 9. Bb5 O-O 10. O-O Nde7 11. a3 Ba5 12. Be3 Bxc3 13. bxc3 b6 14. Bd3 Nd5
15. Bg5 f6 16. Bd2 e5 17. Qc2 Kh8 18. c4 Nf4 19. Bxf4 exf4 20. d5 Na5 21. Nd4
Bd7 22. Rfe1 h6 23. Qe2 f5 24. Qe5 Qf6 25. Qxf4 Rae8 26. Bf1 Nb7 27. Nf3 Nd6
28. Qd4 Qxd4 29. Nxd4 Re4 30. Nf3 Rfe8 31. Rec1 g5 32. c5 bxc5 33. Rxc5 g4 34.
Nd2 Re1 35. Rcc1 1/2-1/2

[Event "77 España ch 2012"]
[Site "Maspalomas ESP"]
[Date "2012.10.05"]
[Round "7.5"]
[White "Romero Holmes, Alfonso"]
[Black "Garrido Dominguez, Jesus"]
[Result "1-0"]
[WhiteElo "2508"]
[BlackElo "2396"]
[PlyCount "69"]
[EventDate "2012.09.29"]
[EventType "swiss"]
[EventRounds "9"]
[EventCountry "ESP"]
[Source "lmi"]
[SourceDate "2012.09.29"]

1. c4 Nf6 2. Nc3 g6 3. e4 d6 4. d4 Bg7 5. Nge2 e5 6. d5 a5 7. f3 Na6 8. Bg5 Nc5
9. Qd2 h6 10. Be3 Nfd7 11. g4 h5 12. g5 h4 13. O-O-O Nb6 14. Ng1 Bd7 15. Kb1 a4
16. Nb5 Nc8 17. Bh3 Bxb5 18. cxb5 b6 19. Ne2 Bf8 20. Nc3 Ra5 21. f4 Na7 22. Qe2
Be7 23. Bxc5 bxc5 24. f5 gxf5 25. g6 fxg6 26. exf5 gxf5 27. Bxf5 Qb8 28. Bd3
Kd8 29. Rhg1 Kc8 30. Rg7 Bf8 31. Rf7 Kb7 32. Bf5 Qe8 33. Rf1 Be7 34. Qg4 Rg8
35. Rxe7 1-0

[Event "77 España ch 2012"]
[Site "Maspalomas ESP"]
[Date "2012.10.05"]
[Round "7.6"]
[White "Gutierrez Olivares, Daniel"]
[Black "Larino Nieto, David"]
[Result "0-1"]
[WhiteElo "2368"]
[BlackElo "2487"]
[PlyCount "64"]
[EventDate "2012.09.29"]
[EventType "swiss"]
[EventRounds "9"]
[EventCountry "ESP"]
[Source "lmi"]
[SourceDate "2012.09.29"]

1. c4 e6 2. Nf3 d5 3. g3 c5 4. Bg2 Nc6 5. O-O Nf6 6. b3 d4 7. e3 e5 8. exd4 e4
9. Ng5 Bg4 10. Qe1 Nxd4 11. Nxe4 Ne2+ 12. Kh1 Nxe4 13. Bxe4 Qd4 14. f3 Bh3 15.
Rf2 Qxa1 16. Bxb7 Rb8 17. Rxe2+ Kd7 18. Be4 f5 19. Bc2 Bd6 20. d4 Rhe8 21. dxc5
Rxe2 22. Qxe2 Bxc5 23. Bb2 Qxa2 24. Nc3 Qa6 25. Qe5 Qe6 26. Qxc5 Qe1+ 27. Qg1
Re8 28. Bd3 Re6 29. Be2 Qd2 30. Ba1 Ke8 31. g4 Rxe2 32. Nxe2 Qxe2 0-1

[Event "77 España ch 2012"]
[Site "Maspalomas ESP"]
[Date "2012.10.05"]
[Round "7.7"]
[White "Forcen Esteban, Daniel"]
[Black "Gonzalez De La Torre, Santiago"]
[Result "1-0"]
[WhiteElo "2469"]
[BlackElo "2442"]
[PlyCount "101"]
[EventDate "2012.09.29"]
[EventType "swiss"]
[EventRounds "9"]
[EventCountry "ESP"]
[Source "lmi"]
[SourceDate "2012.09.29"]

1. e4 e5 2. Nf3 Nc6 3. d4 exd4 4. Nxd4 Nf6 5. Nxc6 bxc6 6. e5 Qe7 7. Qe2 Nd5 8.
c4 Nb6 9. Nd2 a5 10. Qe4 Qe6 11. Bd3 Bb4 12. a3 Bxd2+ 13. Bxd2 Ba6 14. Rc1 Na4
15. Be2 O-O 16. b3 Nb6 17. Bd3 f5 18. Qe2 c5 19. O-O Bb7 20. f4 Nc8 21. a4 Ne7
22. Qf2 Qb6 23. Be3 d6 24. Bc2 Ng6 25. Rcd1 Kh8 26. Rd2 Qc6 27. exd6 cxd6 28.
Rfd1 Rf6 29. Re2 Re8 30. Rde1 h6 31. Bd2 Rxe2 32. Rxe2 Nf8 33. Bc3 Rf7 34. Qe3
d5 35. Qe8 Qg6 36. Re7 Kg8 37. Rxf7 Qxf7 38. Qxf7+ Kxf7 39. cxd5 Bxd5 40. Bxa5
g6 41. g3 Ne6 42. Bc3 Ke7 43. Kf2 h5 44. Ke3 Kd6 45. Bf6 Kc6 46. Kd2 Kb6 47.
Kc3 Kc6 48. Bd3 Nc7 49. Be5 Na8 50. Bb5+ Kb7 51. Be8 1-0

[Event "77 España ch 2012"]
[Site "Maspalomas ESP"]
[Date "2012.10.05"]
[Round "7.8"]
[White "Recuero Guerra, David"]
[Black "Camacho Collados, Marcos"]
[Result "1-0"]
[WhiteElo "2450"]
[BlackElo "2436"]
[PlyCount "85"]
[EventDate "2012.09.29"]
[EventType "swiss"]
[EventRounds "9"]
[EventCountry "ESP"]
[Source "lmi"]
[SourceDate "2012.09.29"]

1. c4 d6 2. Nc3 g6 3. d4 Bg7 4. e4 Nf6 5. f3 O-O 6. Be3 c5 7. dxc5 dxc5 8. Qxd8
Rxd8 9. Bxc5 Nc6 10. Nge2 Nd7 11. Be3 Nde5 12. Nf4 Nb4 13. Rc1 Be6 14. b3 Bh6
15. Nxe6 Bxe3 16. Nxd8 Bxc1 17. Nxb7 Rb8 18. Nc5 Be3 19. N5a4 e6 20. Ke2 Nc2
21. Nd1 Bh6 22. g3 Nd4+ 23. Kf2 Ndxf3 24. Be2 Nd2 25. Ndc3 Rd8 26. Rd1 Rd4 27.
Kg2 Nc6 28. c5 Rd8 29. Nb5 a5 30. Nd6 Nb4 31. Nb6 Kf8 32. e5 Nc6 33. Bb5 Nxe5
34. Nb7 Rd4 35. c6 Ng4 36. c7 Ne3+ 37. Kh1 Ne4 38. c8=Q+ Kg7 39. Rf1 Nxf1 40.
Bxf1 Rd2 41. Nd7 g5 42. Qf8+ Kg6 43. Ne5+ 1-0

[Event "77 España ch 2012"]
[Site "Maspalomas ESP"]
[Date "2012.10.05"]
[Round "7.9"]
[White "Zamarbide Inarrea, Daniel"]
[Black "Ortega Hermida, Daniel"]
[Result "0-1"]
[WhiteElo "2192"]
[BlackElo "2392"]
[PlyCount "70"]
[EventDate "2012.09.29"]
[EventType "swiss"]
[EventRounds "9"]
[EventCountry "ESP"]
[Source "lmi"]
[SourceDate "2012.09.29"]

1. c4 c5 2. Nf3 Nf6 3. g3 b6 4. Bg2 Bb7 5. O-O e6 6. Nc3 Be7 7. d4 cxd4 8. Nxd4
Bxg2 9. Kxg2 Qc8 10. Qd3 O-O 11. b3 Nc6 12. Nxc6 Qxc6+ 13. Qf3 Rfc8 14. Bb2 a6
15. Rfd1 h6 16. e4 d6 17. Rac1 Ra7 18. h3 Rac7 19. Qe2 Qb7 20. Kh2 Rc5 21. Ba3
R5c6 22. Qd3 b5 23. cxb5 axb5 24. Nxb5 Rxc1 25. Rxc1 Rxc1 26. Bxc1 Nxe4 27. Be3
d5 28. a4 e5 29. f3 Nc5 30. Bxc5 Bxc5 31. Qd2 e4 32. b4 Be7 33. fxe4 dxe4 34.
Nd6 e3 35. Qd4 Qf3 0-1

[Event "77 España ch 2012"]
[Site "Maspalomas ESP"]
[Date "2012.10.05"]
[Round "7.10"]
[White "Martin Hernandez, Ruben"]
[Black "Lopez Gracia, Fernando"]
[Result "0-1"]
[WhiteElo "2171"]
[BlackElo "2382"]
[PlyCount "116"]
[EventDate "2012.09.29"]
[EventType "swiss"]
[EventRounds "9"]
[EventCountry "ESP"]
[Source "lmi"]
[SourceDate "2012.09.29"]

1. e4 c5 2. Nf3 e6 3. d4 cxd4 4. Nxd4 Nc6 5. Nc3 a6 6. Be2 d6 7. O-O Nf6 8. Be3
Be7 9. f4 O-O 10. Nb3 b5 11. a3 Rb8 12. Bf3 Qc7 13. Qd2 b4 14. axb4 Nxb4 15.
Qf2 Bb7 16. Ba7 Rbc8 17. Bb6 Qb8 18. Na5 d5 19. e5 Ne4 20. Bxe4 dxe4 21. Ba7
Qa8 22. Be3 Bd5 23. Rfd1 Rc7 24. Rd2 Qc8 25. Kh1 Ba8 26. Nb3 h6 27. Nd4 Rxc3
28. bxc3 Qxc3 29. Rad1 Nd5 30. Re2 Bh4 31. Qg1 Qc4 32. Red2 a5 33. Ne2 a4 34.
c3 Rc8 35. Bd4 Bb7 36. Ra1 Be7 37. Qf2 a3 38. Rda2 Qd3 39. Rxa3 Bxa3 40. Rxa3
e3 41. Qe1 Qe4 42. Qf1 Qd3 43. Qe1 Ba6 44. Ra2 Bc4 45. Rb2 Qe4 46. h3 Ra8 47.
Qc1 Nxf4 48. Nxf4 Qxf4 49. Bxe3 Qxe5 50. Bf4 Qe4 51. Qe3 Ra1+ 52. Kh2 Qf5 53.
Qe5 Qg6 54. Bg3 Bd5 55. Qf4 Qd3 56. Qd2 Qf1 57. Bd6 Qh1+ 58. Kg3 Bxg2 0-1